| 000 | 00380nam a2200157Ia 4500 | ||
|---|---|---|---|
| 008 | 230917s9999||||xx |||||||||||||| ||und|| | ||
| 040 |
_e171252 _aMAIN |
||
| 041 | _aEnglish | ||
| 082 | _a34;331 S25S | ||
| 100 | _aSingh, Inderjeet | ||
| 245 | 0 | _aSharmik vidhiya (Labour laws) | |
| 250 | _a11th ed. | ||
| 260 |
_aAllahabad _bCentral law _c1992 |
||
| 300 | _a586 p. | ||
| 942 | _cBK | ||
| 999 |
_c70459 _d70459 |
||